000 01007nam a2200277Ia 4500
003 OSt
005 20221005111148.0
006 a|||||r|||| 00| 0
007 ta
008 221004b |||||||| |||| 00| 0 hin d
020 _a9789350720370 (hbk)
_c700
024 _a17532
037 _b518, 21/03/2015, Vani Prakashan
_cTextual
040 _aCRL
_cCRL
_bhin
041 _2hin
_ahin
082 _aO152,6N12x, M2;N9
100 _aशर्मा, रामविलास
245 0 _aकथा विवेचना और गद्य शिल्प
246 _aKathā vivechanā aur gadya shilpa
250 _a2 संस्करण
260 _aनई दिल्ली
_bवाणी प्रकाशन भारत
_c1999
300 _a168पृ0
_ccm.
650 _aहिन्दी साहित्य
942 _hO152,6N12x, M2;N9
_cTEXL
_2cc
999 _c1020997
_d1020997